000
00303nam a2200133Ia 4500
005
20251222143153.0
008
251222s9999||||xx |||||||||||||| ||spa||
020
_a
0-201-65685-X
082
_a
425.03/F87
100
_a
Fuchs, Marjorie
245
0
_a
Focus on Grammar
264
_b
Longman
942
_c
LIB
999
_c
12745
_d
12745